000 00668nam a2200229 a 4500
999 _c442
_d442
001 442
003 BD-JhCC
005 20180310092337.0
008 171005s2010 bg ||||| |||| 00| 0 ben d
020 _a9789848765418
035 _a(BD-JhCC) 442
040 _aBD-JhCC
_dBD-JhCC
041 _aben
082 _a891.1
_bSUN 2010
100 _aচন্দর, কৃষণ
245 _aপেশোয়ার এক্সপ্রেস /
_cকৃষণ চন্দর
260 _aঢাকা :
_bপ্রথমা প্রকাশন,
_c2010.
300 _a80 p. :
_c21 cm
650 _aShort violence stories
_zIndia
942 _2ddc
_cBK